00738nam a2200205 a 450000100100000000500170001000800410002702000180006804000250008608200210011124501500013226000320028230000360031449000210035050500560037170000310042770000260045870000270048483000210051100004690320201002053210.0180406s2015 dr a r 000 0 spa d a9789945175073 aDO-SdBNPbspacBNPHU axxxbC569s, 1ro.00aCiencias sociales 1 :bprimaria /ccolaboración Pilar Vacas ... [et al.], edición Marcos Reynoso, ilustración Monterrat Ubach ... [et al.]. aSanto Domingo :bSM,c2015. a2v. :bil., ;c28cm. +eCD-ROOM1 aProyecto Conecta0 gv.1.tLibro texto --gv.2.tCuaderno de estrategias1 aVacas, Pilar,ecolab.olab.1 aReynoso, Marcos,eed.1 aUbach, Monterrat,eil. 0aProyecto Conecta